000 00588nam a2200193 a 4500
001 2924
005 20140414131949.0
008 051026s19uu xx 00 eng d
020 _a0-02-831124-8
050 _aTR 372.4
_bB35 L.K-6
100 _aBereiter, Carl
245 _aAssessment guide (yellow), L.K-6 /
_cCarl Bereiter ...(et al.).
260 _aColumbus, Ohio :
_bSRA/McGraw-Hill,
_c2000.
300 _a41 p. ; cm.
440 _aSRA Open Court Reading, Yellow.
650 _aReading
_xStudy and teaching.
650 _aEnglish language
_xStudy and teaching.
999 _c112751
_d112751